| 000 | 00360nam a2200133Ia 4500 | ||
|---|---|---|---|
| 008 | 150202s9999 xx 000 0 und d | ||
| 020 | _a749305401 | ||
| 050 |
_aFIC _bFIC |
||
| 100 | _aFry, Stephen. | ||
| 245 | 4 |
_aThe liar / _cStephen Fry. |
|
| 260 |
_aGreat Britain : _bWilliam Heinemann Ltd., _c1991. |
||
| 300 |
_a366 pages : _c18 cm. |
||
| 650 | _aFiction. | ||
| 999 |
_c282013 _d282013 |
||